| 000 | 00903cam a2200265 4500 | ||
|---|---|---|---|
| 001 | |||
| 008 | 000000n2000 000 0 eng u | ||
| 020 | _a0728203464 | ||
| 035 | _a(Sirsi) u105045 | ||
| 050 | 0 | 4 | _a333.332 $2 18 |
| 100 | 1 | _aJohnson, Tony | |
| 245 | _aModern methods of valuation of land, houses and buildings | ||
| 250 | _a9th ed. | ||
| 260 |
_aLondon _bEstates Gazette _c2000 |
||
| 300 |
_axliv, 637p. _c21cm. |
||
| 350 | _a28 | ||
| 520 | _aThe standard text on the principles governing the valuation of land and buildings and the application of those principles to everyday situations. | ||
| 520 | _aSupersedes eighth edition (ISBN 0728201267). | ||
| 520 | _aSuperseded by tenth edition (ISBN 9780728205086). | ||
| 651 | 4 |
_aUnited Kingdom _y |
|
| 690 | _aPROPERTY-PROPERTY APPRAISAL AND VALUATION | ||
| 700 | 1 | _aDavies, Keith | |
| 700 | 1 | _aShapiro, Eric F. | |
| 942 | _n0 | ||
| 999 |
_c100325 _d100325 |
||